| 000 | 00499nam a22001577a 4500 | ||
|---|---|---|---|
| 008 | 200615b xxu||||| |||| 00| 0 eng d | ||
| 020 | _a9780316710824 | ||
| 050 | _aR727.3.P496 | ||
| 100 | _aPlatt, Frederic W. | ||
| 245 |
_aConversation repair / _cFrederic W. Platt; foreword by Gregory Carrol |
||
| 260 |
_aLondon: _bLittle, Brown and Company, _c1995. |
||
| 300 | _axiv, 194p.: | ||
| 650 | _aPhysician and patient-case studies | ||
| 650 | _aMedical history taking-case studies | ||
| 942 |
_2lcc _cBK |
||
| 999 |
_c7356 _d14856 |
||